Normal view
MARC view
- الجريمة -- القانون الجنائي -- أصول المحاكم
Entry Topical Term
001 - CONTROL NUMBER
- control field: 50718
003 - CONTROL NUMBER IDENTIFIER
- control field: JO-AjAnu
005 - DATE AND TIME OF LATEST TRANSACTION
- control field: 20230606082340.0
008 - FIXED-LENGTH DATA ELEMENTS
- fixed length control field: 230606|| aca||aabn | a|a d
040 ## - CATALOGING SOURCE
- Original cataloging agency: JO-AjAnu
- Transcribing agency: JO-AjAnu
150 ## - HEADING--TOPICAL TERM
- Topical term or geographic name entry element: الجريمة -- القانون الجنائي -- أصول المحاكم
670 ## - SOURCE DATA FOUND
- Source citation: Work cat.: (JO-AjAnu)25926: المعايطة، منصور عمر , author 50717, الأدلة الجنائية والتحقيق الجنائي لرجال القضاء والادعاء العام والمحامين وأفراد الضابطة العدلية